O Casamento da Gata (Registo nº 31129)

Detalhes MARC
000 -Etiqueta do registo
Valores 00450nam0a2200169 4500
010 ## - Número ISBN
ISBN 9727101852
021 ## - Número do Depósito Legal
Número 207108/04
090 ## -
-- 31129
100 ## - Dados gerais de processamento
Dados gerais 20100901d2004 a 0pory5003 ba
200 1# - Titulo e menção de responsabilidade
Título próprio O Casamento da Gata
Primeira menção de responsabilidade Luísa Ducla Soares
Outras menções de responsabilidade il. Pedro Leitão
210 ## - Publicação
Local de publicação Lisboa
Nome do editor Terramar
Data de publicação 2004
215 ## - Descrição física 
Paginação / Volumes [24] p.
Dimensões 22 cm
675 ## - CDU
Notação 087.5
Edição BNL
Língua por
700 #1 - Autor principal (pessoa individual)
Apelido Soares
Nome Luísa Ducla
702 #1 - Autor secundário (pessoa individual)
Apelido Leitão
Nome Pedro
990 ## - Elementos KOHA
Tipo de documento Livro
995 ## - Localização e informação dos exemplares
-- 18
Exemplares
Situação do levantamento Estado Biblioteca de origem Biblioteca de empréstimo Código de barras Cota Permissão de empréstimo Tipo de documento Forma de aquisição
  Completo Biblioteca Municipal de Viana Do Alentejo Biblioteca Municipal de Viana Do Alentejo 0035207 8 SOA Disponível Livro Oferta
  Completo Biblioteca do Centro Escolar de Viana do Alentejo Biblioteca do Centro Escolar de Viana do Alentejo 1391BV 087.5 SOA Disponível Livro  




Powered by Koha